Normal view
MARC view
- Joseph, George
Entry Personal Name
001 - CONTROL NUMBER
- control field: 6671
003 - CONTROL NUMBER IDENTIFIER
- control field: OSt
005 - DATE AND TIME OF LATEST TRANSACTION
- control field: 20241231163352.0
008 - FIXED-LENGTH DATA ELEMENTS
- fixed length control field: 241231|| aca||aabn | a|a d
040 ## - CATALOGING SOURCE
- Original cataloging agency: OSt
- Transcribing agency: OSt
100 ## - HEADING--PERSONAL NAME
- Personal name: Joseph, George
670 ## - SOURCE DATA FOUND
- Source citation: Work cat.: (OSt)12906: Joseph, George, Fundamentals of remote sensing / , 2004.
